000 01114nam a2200241Ia 4500
999 _c55831
_d55831
001 22928
003 GE_BSU
005 20230601115440.0
008 181216s ||||ge |||||||||||||| ||geo||
040 _cGE_BSU
041 _ageo
080 _a82.0 კ-75
100 _aკოპლატაძე, გვანცა
_916344
245 _aლიტერატურისმცოდნეობა არისტოტელეს მოძღვრებაში /
_cგვანცა კოპლატაძე ; რედ. აკაკი ურუშაძე.
264 _aთბილისი :
_bთბილ. უნ-ტის გამ-ბა,
_c1986.
300 _a162 გვ. ;
_c19 სმ.
541 _h2ლ.60თ
653 _aლიტერატურა
653 _aლიტერატურათმცოდნეობა
653 _aლიტერატურისმცოდნეობა არისტოტელეს მოძღვრებაში
700 _aურუშაძე, აკაკი
_eრედაქტორი
_918385
942 _cBK
_2udc